Korku Devlok (कोरकू देवलोक) (Record no. 195619)

MARC details
000 -LEADER
fixed length control field 00513nam a22001697a 4500
005 - DATE AND TIME OF LATEST TRANSACTION
control field 20230406163739.0
010 ## - LCCN (DPL NO)
LC control number ENG-136639
020 ## - INTERNATIONAL STANDARD BOOK NUMBER
Terms of availability 300.00
035 ## - SYSTEM CONTROL NUMBER
System control number EN-120171
037 ## - SOURCE OF ACQUISITION
Source of stock number/acquisition DBAD/PUB
082 ## - DEWEY DECIMAL CLASSIFICATION NUMBER
Classification number 294.513
100 ## - MAIN ENTRY--PERSONAL NAME
Personal name Pare, Dharmendra
245 00 - TITLE STATEMENT
Title Korku Devlok (कोरकू देवलोक)
Remainder of title Dharmendra Pare
260 ## - PUBLICATION, DISTRIBUTION, ETC. (IMPRINT)
Name of publisher, distributor, etc A Publication of adivasi lok kala academy
Place of publication, distribution, etc Madhya Pradesh
Date of publication, distribution, etc 2006
300 ## - PHYSICAL DESCRIPTION
Extent 330p.;
Dimensions 22cm(hbk)
942 ## - ADDED ENTRY ELEMENTS (KOHA)
Source of classification or shelving scheme Dewey Decimal Classification
Item type English Books
Call number suffix देवलो
Classification part 294.513
Holdings
Withdrawn status Lost status Not for loan Collection code Home library Current library Date acquired Source of acquisition Cost, normal purchase price Full call number Barcode Copy number Cost, replacement price Koha item type
    Not For Loan Non-fiction D.B.Act.Division D.B.Act.Division 06/04/2023 DBAD/PUB 300.00 294.513 देवलो EN-120171 1 300.00 Reference Books

© Delhi Public Library
Hit Counter
free hit counter